| 000 | 00819nam a2200217Ia 4500 | ||
|---|---|---|---|
| 999 |
_c35237 _d35237 |
||
| 001 | 1083 | ||
| 003 | GE_BSU | ||
| 005 | 20250924182839.0 | ||
| 008 | 181216s2008||||ru |||||||||||||| ||rus|| | ||
| 020 | _a9785387000690x | ||
| 040 | _cGE_BSU | ||
| 041 | _arus | ||
| 080 | _a811(075.8)+316.77(075.8) Т-35 | ||
| 100 |
_aТер-Минасова, С.Г. _925870 |
||
| 245 |
_aЯзык и межкультурная коммуникация: _bуч-е пособие для студ.по спец."Лингвистика и межкультурная коммуникация" |
||
| 264 |
_aМосква : _bСлово/slovo _c2008. |
||
| 300 |
_a263 стр. _b20 см. |
||
| 541 | _h30л. | ||
| 653 | _aენა და კულტურათაშორისი კომუნიკაცია | ||
| 942 |
_cBK _2udc |
||